Podpora logistických procesů v ERP systému

ERP systém (Enterprise resource planning) - komplexný systém pre riadenie podnikových zdrojov. Podpora interných procesov. Riadenie vzťahov so zákazníkmi. Prehľad o chode podniku. Podpora a riadenie skladu. Kontrola procesov. Podpora externých procesov. Elektronická komunikácia.

Gespeichert in:
Bibliographische Detailangaben
1. Verfasser: Traxler, Jiří
Format: Buchkapitel
Sprache:Tschechisch
Schlagworte:
Tags: Tag hinzufügen
Keine Tags, Fügen Sie das erste Tag hinzu!

MARC

LEADER 00000naa a2200000 4500
001 0143477
005 20231129095922.4
041 0 |a cze 
044 |a CZ 
245 1 0 |a Podpora logistických procesů v ERP systému  |c Jiří Traxler 
520 |a ERP systém (Enterprise resource planning) - komplexný systém pre riadenie podnikových zdrojov. Podpora interných procesov. Riadenie vzťahov so zákazníkmi. Prehľad o chode podniku. Podpora a riadenie skladu. Kontrola procesov. Podpora externých procesov. Elektronická komunikácia. 
610 2 0 |a systémy informačné podnikové 
610 2 0 |a systémy informačné riadiace 
610 2 0 |a logistika 
610 2 0 |a procesy podnikové 
610 2 0 |a sklady 
610 2 0 |a riadenie vzťahov so zákazníkmi 
610 2 0 |a komunikácia elektronická 
100 1 |a Traxler, Jiří